U.S. States That Are Growing The Fastest - Statistics

General Stats
  • This quiz has been taken 44 times
  • The average score is 6 of 10
Answer Stats
Growth Rate (2010-2023) Answer % Correct
+18.92% Florida
97%
+20.68% Texas
89%
+19.45% Nevada
77%
+15.45% Arizona
69%
+22.52% Idaho
66%
+19.25% Colorado
63%
+18.96% Washington
63%
+23.88% Utah
57%
+13.86% South Carolina
43%
+20.59% North Dakota
20%
No matching quizzes found
Score Distribution
Percent of People with Each Score
Percentile by Number Answered
Your Score History
You have not taken this quiz